Self Containing US States - Statistics

General Stats
  • This quiz has been taken 51 times
  • The average score is 8 of 13
Answer Stats
Answer % Correct
Alabama
84%
Ohio
80%
Alaska
77%
Illinois
73%
Oregon
73%
Arizona
70%
Arkansas
70%
Indiana
66%
Oklahoma
48%
Georgia
45%
Connecticut
43%
North Carolina
36%
Kentucky
23%
No matching quizzes found
Score Distribution
Percent of People with Each Score
Percentile by Number Answered
Your Score History
You have not taken this quiz